000 00317nam a22001337a 4500
003 SGT
082 _a606.89
_bP06P
100 _aPONTEROTTO, JOSEPH, G.
245 _aPREVENTING PREJUDICE : A GUIDE FOR COUNSETORS
260 _aTHOUSAND OAKS
_bSAGE
_c2006
300 _a358
650 _aPSYCHOLOGY
942 _2ddc
_cBK
999 _c10407
_d10407